| 000 | 00446nab a2200145Ia 4500 | ||
|---|---|---|---|
| 003 | ES-SlBCS | ||
| 005 | 20210601134620.0 | ||
| 008 | 140529s1982 xxu||||| |||| 00| 0 spa d | ||
| 041 | _aspa | ||
| 100 | 1 |
_aPollak-Eltz, Angelina _9220363 |
|
| 245 | 0 | 0 |
_aExpresiones de religiosidad entre los negros de Yaracuy _c Angelina Pollak-Eltz |
| 650 | 0 | 4 |
_aReligiosidad _9124325 |
| 773 | 0 |
_tAnthropos _gvol. 3, nº. 4, 1982, págs. 80-99 _wRev38 |
|
| 942 | _cAR | ||
| 999 |
_c615325 _d615325 |
||